[Event "ICS rated blitz match"]
[Site "204.178.125.65"]
[Date "2001.07.21"]
[Round "?"]
[White "Tinker"]
[Black "Hossa"]
[Result "1/2-1/2"]
[WhiteElo "2474"]
[BlackElo "2547"]
[PlyCount "116"]
[EventDate "2001.??.??"]

1. e4 e5 2. Nf3 d5 3. exd5 Qxd5 4. Nc3 Qc5 5. d4 exd4 6. Nxd4 Be7 7. Be3 Qa5 8.
Bb5+ c6 9. Bd3 Nf6 10. O-O O-O 11. Qf3 Rd8 12. Ne4 Ng4 13. h3 Ne5 14. Qh5 g6
15. Qh6 Nxd3 16. cxd3 Rd5 17. Nf3 f6 18. Bd2 Qd8 19. Bc3 Nd7 20. Nfg5 Nf8 21.
Rfd1 Bf5 22. Rd2 Bxe4 23. Nxe4 Rh5 24. Qf4 Ne6 25. Qe3 Nc7 26. Ng3 Rd5 27. Re1
Bd6 28. Ne4 Be7 29. Rdd1 f5 30. Ng3 Bg5 31. Qf3 Rd7 32. Be5 Nd5 33. d4 Qa5 34.
Ra1 Re8 35. Re2 Rde7 36. Qb3 Bh4 37. Rae1 Bxg3 38. Qxg3 Qxa2 39. Qf3 Qc4 40.
Ra1 a6 41. Rd2 Re6 42. Rd3 Qc2 43. Rad1 f4 44. R1d2 Qc1+ 45. Rd1 Qxb2 46. Rb3
Qc2 47. Rxb7 R6e7 48. Rxe7 Rxe7 49. Ra1 Rb7 50. Rxa6 Rb1+ 51. Kh2 Qc1 52. Ra8+
Kf7 53. Ra7+ Ke8 54. Ra8+ Ke7 55. Ra7+ Ke8 56. Ra8+ Ke7 57. Ra7+ Ke8 58. Ra8+
Ke7 {Game drawn by repetition} 1/2-1/2

[Event "ICS rated blitz match"]
[Site "204.178.125.65"]
[Date "2001.07.21"]
[Round "?"]
[White "cfd"]
[Black "Hossa"]
[Result "0-1"]
[WhiteElo "2136"]
[BlackElo "2547"]
[PlyCount "95"]
[EventDate "2001.??.??"]

1. d4 Nf6 2. e3 d5 3. Bd3 c5 4. c3 Nc6 5. f4 cxd4 6. cxd4 Bd7 7. a3 g6 8. Nd2
Bg7 9. Ngf3 O-O 10. O-O Rc8 11. b4 Qb6 12. Bb2 Ng4 13. Qe2 a5 14. b5 Na7 15. a4
Qf6 16. h3 Nh6 17. g4 Qb6 18. Rfc1 Qd6 19. Ne5 Rxc1+ 20. Rxc1 Rc8 21. Rxc8+
Bxc8 22. Nb1 f6 23. Nf3 Qd8 24. Qc2 f5 25. g5 Nf7 26. Ne5 Nxe5 27. dxe5 b6 28.
Bd4 Bd7 29. Qa2 Be6 30. Nc3 Bf7 31. Kf2 Nc8 32. Qc2 Qd7 33. Ne2 Be8 34. Kf3 Kf7
35. Kf2 Bf8 36. Kf3 e6 37. Kf2 Kg8 38. Kf3 Bf7 39. h4 Qd8 40. Kf2 Ne7 41. Kf3
Bg7 42. Kf2 Qb8 43. Kf3 Kh8 44. Qc3 Qd8 45. Ng3 Bf8 46. Ne2 Nc8 47. Kf2 Bb4 48.
Kf3 {cfd resigns} 0-1

[Event "ICS rated standard match"]
[Site "204.178.125.65"]
[Date "2001.07.21"]
[Round "?"]
[White "BrazilianMaster"]
[Black "Hossa"]
[Result "1-0"]
[WhiteElo "2696"]
[BlackElo "2351"]
[PlyCount "144"]
[EventDate "2001.??.??"]

1. d4 Nf6 2. c4 c5 3. Nf3 cxd4 4. Nxd4 Nc6 5. Nc3 g6 6. e4 Nxd4 7. Qxd4 d6 8.
Be2 Bg7 9. Be3 O-O 10. Qd2 Ng4 11. Bf4 f5 12. f3 Ne5 13. O-O Kh8 14. Kh1 b6 15.
Bg5 Nf7 16. Be3 Bb7 17. exf5 gxf5 18. Rad1 Rg8 19. Rfe1 Be5 20. Bf1 e6 21. Nb5
a6 22. Nd4 Rg6 23. Bf2 Qd7 24. Ne2 b5 25. Bg3 Bxg3 26. Nxg3 bxc4 27. Bxc4 Rc8
28. Qb4 a5 29. Bb5 Qc7 30. Qd2 Rcg8 31. a4 d5 32. Rc1 Qb6 33. b4 axb4 34. Qxb4
Nd6 35. a5 Qd8 36. a6 Ba8 37. Bd3 Nf7 38. a7 Rh6 39. Nf1 Rhg6 40. Re2 d4 41.
Nd2 Qd7 42. Qb8 R6g7 43. Ra1 Qc6 44. Bc4 Ng5 45. Qe5 Qd7 46. Ree1 Qd8 47. Qf4
Qf6 48. Rab1 Qg6 49. Re2 Rxa7 50. h4 d3 51. Bxd3 Qh6 52. Bc4 Qh5 53. Rb8 Rag7
54. Rxg8+ Rxg8 55. Qd4+ Rg7 56. Bxe6 Nxe6 57. Rxe6 h6 58. Nf1 Kh7 59. Qf4 Bd5
60. Rd6 Bb3 61. Ng3 Rxg3 62. Qxg3 Qe8 63. Rf6 Bf7 64. Qf4 h5 65. Rxf5 Bg6 66.
Qc7+ Kg8 67. Re5 Qa8 68. Qd6 Kg7 69. Qe7+ Kg8 70. Qf6 Qe8 71. Rxe8+ Bxe8 72. f4
Bf7 {Hossa resigns} 1-0

[Event "ICS rated standard match"]
[Site "204.178.125.65"]
[Date "2001.07.22"]
[Round "?"]
[White "Hossa"]
[Black "BrazilianMaster"]
[Result "0-1"]
[WhiteElo "2347"]
[BlackElo "2700"]
[PlyCount "151"]
[EventDate "2001.??.??"]

1. e4 e5 2. Nf3 Nc6 3. Bb5 a6 4. Ba4 Nf6 5. d4 exd4 6. O-O Be7 7. e5 Ne4 8. Re1
Nc5 9. Bxc6 dxc6 10. Nxd4 Ne6 11. Nf5 Qxd1 12. Rxd1 Bf8 13. Nc3 g6 14. Nh4 Be7
15. Nf3 h6 16. Be3 Ng5 17. Nd4 Bd7 18. Nde2 O-O-O 19. a4 Rhe8 20. f4 Ne6 21.
Ng3 Ng7 22. Nge4 Bf5 23. h3 h5 24. Kf2 h4 25. Kf3 Ne6 26. Ne2 Rxd1 27. Rxd1 Rh8
28. b3 b6 29. a5 bxa5 30. Ra1 Kb7 31. Rxa5 Rd8 32. Ra4 c5 33. c3 c6 34. Nc1 Rd5
35. Nf6 Rd1 36. Ng8 Bf8 37. Ke2 Rd8 38. Nf6 Nc7 39. Bf2 Nb5 40. Be1 Be7 41. Ng4
Bc8 42. Ne3 Be6 43. Nc4 Ka7 44. Ke3 Rd1 45. Nd3 Bf5 46. Ncb2 Rb1 47. Kd2 Nc7
48. Bf2 Ne6 49. Ra2 Kb8 50. Be3 Be4 51. Rxa6 Bxg2 52. Na4 Rxb3 53. Kc2 c4 54.
Nf2 Ra3 55. Rb6+ Kc7 56. Ra6 Ra2+ 57. Kb1 Re2 58. Ra7+ Kb8 59. Rxe7 Rxe3 60.
Nd1 Re1 61. Kc1 Bf3 62. Nab2 Nc5 63. Kc2 Nb3 64. Nxc4 Bxd1+ 65. Kb2 Nc5 66. Ka3
Re4 67. Nd6 Ra4+ 68. Kb2 Nd3+ 69. Kb1 Rxf4 70. c4 Rf3 71. Rxf7 Nxe5 72. Re7 Nd3
73. Rg7 Rxh3 74. Rxg6 Rg3 75. Rf6 h3 76. Rf8+ {Hossa resigns} 0-1

[Event "ICS rated blitz match"]
[Site "204.178.125.65"]
[Date "2001.07.22"]
[Round "?"]
[White "Hossa"]
[Black "monsoon"]
[Result "1-0"]
[WhiteElo "2550"]
[BlackElo "2630"]
[PlyCount "142"]
[EventDate "2001.??.??"]

1. e4 e5 2. Nf3 Nc6 3. Bb5 a6 4. Ba4 Nf6 5. d4 exd4 6. O-O Be7 7. e5 Ne4 8.
Bxc6 dxc6 9. Re1 Nc5 10. Nxd4 O-O 11. Nc3 Re8 12. Be3 Bf8 13. Qh5 g6 14. Qg5
Qxg5 15. Bxg5 Bg7 16. Bf6 Bxf6 17. exf6 Bd7 18. Rad1 Rxe1+ 19. Rxe1 Ne6 20. Nf3
Rd8 21. h3 a5 22. Kh2 Be8 23. Kg3 c5 24. h4 h6 25. a3 b5 26. Ne2 Bc6 27. Ne5
Bb7 28. Ng4 h5 29. Ne3 Rd2 30. f3 Nd4 31. Nf4 Bc6 32. c3 Nb3 33. Rd1 Rxd1 34.
Nxd1 Nc1 35. Ne3 Bd7 36. Ned5 c6 37. Ne7+ Kh8 38. Nh3 Bxh3 39. Kxh3 Nd3 40. b3
b4 41. axb4 axb4 42. cxb4 Nxb4 43. g4 Nd5 44. g5 Nf4+ 45. Kh2 Nd3 46. Nxc6 Kg8
47. Kg3 Nc1 48. b4 cxb4 49. Nxb4 Ne2+ 50. Kf2 Nf4 51. Nc6 Kh8 52. Nd4 Kh7 53.
Kg3 Nd3 54. f4 Nc5 55. Kf3 Nb7 56. f5 Nd6 57. fxg6+ Kxg6 58. Ke3 Nc4+ 59. Kf4
Nd6 60. Ke5 Nc4+ 61. Kd5 Ne3+ 62. Kd6 Nc4+ 63. Kd7 Ne5+ 64. Ke8 Ng4 65. Nb5 Ne5
66. Nd6 Nf3 67. Nxf7 Nd4 68. Nh8+ Kf5 69. f7 Ne6 70. g6 Kf6 71. f8=Q+ Ke5 {
monsoon resigns} 1-0

[Event "ICS rated blitz match"]
[Site "204.178.125.65"]
[Date "2001.07.22"]
[Round "?"]
[White "Hossa"]
[Black "RAFFAELE"]
[Result "1-0"]
[WhiteElo "2570"]
[BlackElo "2316"]
[PlyCount "46"]
[EventDate "2001.??.??"]

1. d4 d6 2. g3 g6 3. Nf3 Bg7 4. Bg2 Nf6 5. O-O O-O 6. Nc3 d5 7. Bf4 Nc6 8. Ne5
e6 9. Bg5 h6 10. Nxc6 bxc6 11. Bf4 Rb8 12. Qc1 Kh7 13. Be5 Nd7 14. Bxg7 Kxg7
15. b3 Qf6 16. Qd2 c5 17. dxc5 Nxc5 18. Rfd1 Rd8 19. b4 Na6 20. a3 Bb7 21. e4
d4 22. Na4 Ba8 23. Qd3 e5 {RAFFAELE resigns} 1-0

[Event "ICS rated blitz match"]
[Site "204.178.125.65"]
[Date "2001.07.22"]
[Round "?"]
[White "Amateur"]
[Black "Hossa"]
[Result "0-1"]
[WhiteElo "2584"]
[BlackElo "2576"]
[PlyCount "150"]
[EventDate "2001.??.??"]

1. d4 d5 2. c4 Bf5 3. Qb3 e5 4. Qxb7 Nd7 5. dxe5 d4 6. Nf3 Bc5 7. Bg5 Ne7 8.
Bxe7 Kxe7 9. b3 Re8 10. g3 Kf8 11. Bg2 Rc8 12. O-O Re6 13. Nh4 Rb8 14. Qf3 Bc2
15. Nd2 Nxe5 16. Qh5 Kg8 17. Ndf3 g6 18. Qh6 Ng4 19. Qf4 Re4 20. Qd2 d3 21.
exd3 Qxd3 22. Qg5 Qd6 23. Rae1 f6 24. Qc1 Bd3 25. Rxe4 Bxe4 26. Bh3 h5 27. Bxg4
hxg4 28. Ne1 Rd8 29. Qb2 f5 30. Qc1 Qd2 31. Qxd2 Rxd2 32. Nxg6 Rxa2 33. Nf4 Bd6
34. Ned3 Rd2 35. Nc1 Bxf4 36. gxf4 Rb2 37. Rd1 Rb1 38. Re1 Kf7 39. Rf1 Kf6 40.
c5 Bd5 41. Re1 Bxb3 42. Kg2 a5 43. Kg1 a4 44. f3 a3 45. Kf2 Bd5 46. fxg4 fxg4
47. Rg1 c6 48. Re1 Rb2+ 49. Kg3 Rg2+ 50. Kh4 a2 51. Nxa2 Rxh2+ 52. Kxg4 Rg2+
53. Kh4 Bxa2 54. Re5 Be6 55. Rg5 Rxg5 56. fxg5+ Kg6 57. Kg3 Kxg5 58. Kg2 Kf5
59. Kg3 Ke5 60. Kf3 Kd5 61. Kf4 Bd7 62. Kf3 Kxc5 63. Ke3 Kb4 64. Ke2 c5 65. Kd2
Kb3 66. Ke1 c4 67. Kf1 c3 68. Ke2 c2 69. Kd2 Kb2 70. Ke3 c1=Q+ 71. Ke4 Kc3 72.
Ke5 Qh6 73. Ke4 Qf6 74. Ke3 Bg4 75. Ke4 Qd4# {Amateur checkmated} 0-1

[Event "ICS rated blitz match"]
[Site "204.178.125.65"]
[Date "2001.07.22"]
[Round "?"]
[White "Hossa"]
[Black "AlperEfe"]
[Result "0-1"]
[WhiteElo "2594"]
[BlackElo "2111"]
[PlyCount "94"]
[EventDate "2001.??.??"]

1. d4 Nf6 2. c4 g6 3. Nc3 Bg7 4. e4 d6 5. Nf3 O-O 6. Be2 e5 7. O-O Nc6 8. d5
Ne7 9. Bd2 Ne8 10. Qc2 h6 11. Qc1 Kh7 12. Bd3 f5 13. Qe1 f4 14. Qe2 g5 15. Bc2
Ng6 16. Ne1 g4 17. Ba4 Qh4 18. b3 Nf6 19. Nb5 Rf7 20. b4 Nh5 21. Qd3 f3 22. g3
Qh3 23. c5 a6 24. Nxc7 Rxc7 25. cxd6 Rd7 26. Bxd7 Bxd7 27. a4 Bf6 28. Ra2 Rg8
29. Qb3 Bd8 30. Qe3 Nhf4 31. gxf4 exf4 32. Qa7 Ne5 33. Bxf4 Ng6 34. Bxh6 Qxh6
35. Qxb7 Rg7 36. Nxf3 gxf3 37. Kh1 Bh3 38. Qxa6 Bg2+ 39. Kg1 Nf4 40. Qc8 Qg5
41. h4 Qxh4 42. Qf5+ Kh6 43. Qxf4+ Qxf4 44. Rd1 Bh1+ 45. Kf1 Bg2+ 46. Kg1 Qh4
47. d7 Qh1# {Hossa checkmated} 0-1

[Event "ICS rated blitz match"]
[Site "204.178.125.65"]
[Date "2001.07.22"]
[Round "?"]
[White "AlperEfe"]
[Black "Hossa"]
[Result "0-1"]
[WhiteElo "2141"]
[BlackElo "2564"]
[PlyCount "22"]
[EventDate "2001.??.??"]

1. e4 c6 2. d4 d5 3. e5 c5 4. dxc5 e6 5. Be3 Nd7 6. Nf3 Bxc5 7. Qd2 Bxe3 8.
Qxe3 Nh6 9. Nd4 Qb6 10. Nb5 Qxe3+ 11. fxe3 O-O {AlperEfe resigns} 0-1

[Event "ICS rated blitz match"]
[Site "204.178.125.65"]
[Date "2001.07.22"]
[Round "?"]
[White "Hossa"]
[Black "AlperEfe"]
[Result "1-0"]
[WhiteElo "2567"]
[BlackElo "2137"]
[PlyCount "43"]
[EventDate "2001.??.??"]

1. e4 c5 2. Nc3 Nc6 3. Nf3 e6 4. d4 cxd4 5. Nxd4 Qc7 6. Be2 a6 7. Be3 b5 8.
Nxc6 dxc6 9. O-O c5 10. Qd2 Bb7 11. Bf4 e5 12. Nd5 Qd6 13. Bg5 Bxd5 14. exd5 f6
15. Be3 Rd8 16. Rfd1 g6 17. a4 b4 18. Bc4 Ne7 19. Qe2 Nf5 20. Bxa6 Bg7 21. Qb5+
Kf7 22. Bxc5 {AlperEfe resigns} 1-0

[Event "ICS rated blitz match"]
[Site "204.178.125.65"]
[Date "2001.07.22"]
[Round "?"]
[White "AlperEfe"]
[Black "Hossa"]
[Result "0-1"]
[WhiteElo "2135"]
[BlackElo "2569"]
[PlyCount "49"]
[EventDate "2001.??.??"]

1. e4 c6 2. d3 d5 3. Nd2 e5 4. Ngf3 Bd6 5. g3 Ne7 6. Bg2 O-O 7. O-O Bg4 8. h3
Bh5 9. Re1 Nd7 10. g4 Bg6 11. Nf1 dxe4 12. dxe4 Qc7 13. Ng3 Bb4 14. c3 Bc5 15.
Be3 Bxe3 16. Rxe3 Rfd8 17. Qe2 Nc5 18. Nf5 b6 19. N3h4 Bxf5 20. Nxf5 Ne6 21.
Nxe7+ Qxe7 22. Rd3 Nf4 23. Rxd8+ Rxd8 24. Qe1 Qd6 25. Bf3 {AlperEfe resigns}
0-1

[Event "ICS rated blitz match"]
[Site "204.178.125.65"]
[Date "2001.07.22"]
[Round "?"]
[White "Hossa"]
[Black "AlperEfe"]
[Result "1-0"]
[WhiteElo "2571"]
[BlackElo "2133"]
[PlyCount "25"]
[EventDate "2001.??.??"]

1. d4 Nf6 2. c4 g6 3. Nc3 Bg7 4. Nf3 O-O 5. e4 d6 6. Be2 e5 7. Be3 Re8 8. dxe5
dxe5 9. Qxd8 Rxd8 10. Nxe5 Re8 11. f4 Nfd7 12. Nb5 Na6 13. Nxa7 {
AlperEfe resigns} 1-0

[Event "ICS rated blitz match"]
[Site "204.178.125.65"]
[Date "2001.07.22"]
[Round "?"]
[White "Hossa"]
[Black "Tzoker"]
[Result "1-0"]
[WhiteElo "2573"]
[BlackElo "2068"]
[PlyCount "29"]
[EventDate "2001.??.??"]

1. d4 d5 2. Bg5 h6 3. Bh4 g5 4. Bg3 Bg7 5. Nc3 Bf5 6. Nf3 Nf6 7. e3 Ne4 8. Nxe4
Bxe4 9. Nd2 Bf5 10. c4 c6 11. cxd5 cxd5 12. Qb3 Bc8 13. Bb5+ Kf8 14. Rc1 a6 15.
Bc7 {Tzoker resigns} 1-0

[Event "ICS rated blitz match"]
[Site "204.178.125.65"]
[Date "2001.07.22"]
[Round "?"]
[White "Tzoker"]
[Black "Hossa"]
[Result "1/2-1/2"]
[WhiteElo "2066"]
[BlackElo "2575"]
[PlyCount "212"]
[EventDate "2001.??.??"]

1. e4 c6 2. d4 d5 3. exd5 cxd5 4. Bd3 Nc6 5. c3 g6 6. Nf3 Bg7 7. O-O Nf6 8. Re1
O-O 9. Nbd2 Qc7 10. Nf1 Ng4 11. h3 Nf6 12. Bg5 Nh5 13. Qd2 f6 14. Bh6 Bxh6 15.
Qxh6 Nf4 16. Rad1 Nd8 17. Bb1 Nf7 18. Qh4 Qd6 19. Ne3 b5 20. Ng4 Nh5 21. Ne3
Re8 22. Nh2 Qf4 23. Qxf4 Nxf4 24. Nf3 a5 25. Kh2 Nd6 26. Ng1 Nc4 27. Nxc4 bxc4
28. g3 Ne6 29. Re2 a4 30. Rde1 Kf7 31. a3 Bd7 32. Nf3 Rab8 33. Nh4 Ng5 34. g4
Rb3 35. f4 Ne4 36. Bxe4 dxe4 37. Ng2 f5 38. Ne3 Rc8 39. Kg3 Ke6 40. g5 Kf7 41.
h4 Ke6 42. Rh1 Be8 43. Rd1 Kd6 44. Rdd2 Bf7 45. Rh2 Rb5 46. Rhe2 Rd8 47. Rh2
Re8 48. Kf2 Reb8 49. Kg3 Bd5 50. Rhe2 e6 51. Rh2 R5b7 52. Rhe2 Rg7 53. Rh2 Re7
54. h5 Rg8 55. h6 Rb8 56. Rhe2 Rb3 57. Rh2 Re8 58. Rhe2 Reb8 59. Kf2 R8b6 60.
Ke1 Rb7 61. Kd1 Rb8 62. Kc1 Kc7 63. Rd1 R8b7 64. Rh1 Kd6 65. Rhh2 Rb8 66. Rhg2
R8b5 67. Rh2 Rb6 68. Rhg2 Kd7 69. Rh2 Rb8 70. Rhg2 Ke7 71. Rh2 Ke8 72. Rd2 Kd7
73. Rhg2 R8b7 74. Rgf2 Kd6 75. Rh2 R7b6 76. Ng2 Rb8 77. Ne3 R3b5 78. Rhf2 R5b7
79. Rh2 Rb6 80. Rhf2 Ke7 81. Rh2 R6b7 82. Rhf2 Rb3 83. Rh2 R8b7 84. Rhf2 R7b6
85. Rh2 Kf7 86. Rhf2 Rb8 87. Rh2 Kg8 88. Rhf2 Kf8 89. Rh2 R8b7 90. Rhf2 Kf7 91.
Rh2 Ke8 92. Rhf2 R7b6 93. Rh2 Kd8 94. Rhf2 Kc7 95. Rh2 R3b5 96. Rhf2 Rb7 97.
Rh2 Kd6 98. Rhf2 Kc6 99. Rh2 Kd7 100. Rhf2 Rb8 101. Rh2 R5b7 102. Rhf2 Rb6 103.
Rh2 Kc7 104. Rhf2 R8b7 105. Rh2 Kd6 106. Rhf2 Re7 {
Game drawn by the 50 move rule} 1/2-1/2

[Event "ICS rated standard match"]
[Site "204.178.125.65"]
[Date "2001.07.22"]
[Round "?"]
[White "Hossa"]
[Black "ChesterX"]
[Result "1/2-1/2"]
[WhiteElo "2343"]
[BlackElo "2598"]
[PlyCount "99"]
[EventDate "2001.??.??"]

1. d4 Nf6 2. c4 e6 3. Nc3 Bb4 4. Bg5 h6 5. Bd2 d5 6. e3 O-O 7. Nf3 c5 8. a3
cxd4 9. axb4 dxc3 10. bxc3 Nc6 11. cxd5 exd5 12. b5 Ne7 13. Nd4 a5 14. bxa6
bxa6 15. Bd3 a5 16. Qe2 Qd6 17. c4 a4 18. O-O dxc4 19. Bxc4 Rd8 20. Bb5 a3 21.
Rfd1 Bg4 22. f3 Bd7 23. Be1 Ned5 24. Bc4 Qe7 25. e4 Nf4 26. Qe3 N6d5 27. Qd2
Nb6 28. Bf1 Ng6 29. Qf2 Rdc8 30. Nf5 Qf6 31. Nd6 Rcb8 32. Bb4 Nd5 33. Bxa3 Nc3
34. Rdc1 Nf4 35. Qe1 Rb3 36. e5 Qg5 37. Bc5 Nce2+ 38. Kh1 Rxa1 39. Rxa1 Qxe5
40. Ra8+ Kh7 41. Rh8+ Kg6 42. Ne4 Nd3 43. Qxe2 Nxc5 44. Qc2 Nxe4 45. Qxb3 Ng3+
46. hxg3 Qh5+ 47. Kg1 Qc5+ 48. Kh2 Qh5+ 49. Kg1 Qc5+ 50. Kh2 {
Game drawn by mutual agreement} 1/2-1/2

[Event "ICS rated bullet match"]
[Site "204.178.125.65"]
[Date "2001.07.22"]
[Round "?"]
[White "EroeInrico"]
[Black "Hossa"]
[Result "0-1"]
[WhiteElo "2078"]
[BlackElo "2604"]
[PlyCount "46"]
[EventDate "2001.??.??"]

1. e4 c6 2. Nf3 d5 3. Nc3 Bg4 4. exd5 cxd5 5. Be2 Nc6 6. d4 Nf6 7. O-O e6 8.
Bf4 Bxf3 9. Bxf3 Qb6 10. Ne2 Qxb2 11. Rb1 Qxa2 12. Rxb7 Qc4 13. Ng3 Nxd4 14.
Be3 Qc6 15. Rb2 Nxf3+ 16. Qxf3 Ba3 17. Rb3 Bd6 18. Rfb1 Qxc2 19. Bg5 Ne4 20.
Nxe4 dxe4 21. Qh3 O-O 22. Rg3 Qxb1+ 23. Bc1 Qxc1# {EroeInrico checkmated} 0-1

[Event "ICS rated bullet match"]
[Site "204.178.125.65"]
[Date "2001.07.22"]
[Round "?"]
[White "Hossa"]
[Black "EroeInrico"]
[Result "1-0"]
[WhiteElo "2605"]
[BlackElo "2077"]
[PlyCount "65"]
[EventDate "2001.??.??"]

1. d4 Nf6 2. c4 g6 3. Nc3 Bg7 4. Nf3 d6 5. e4 O-O 6. Be2 e5 7. dxe5 dxe5 8. Bg5
c6 9. Qxd8 Rxd8 10. O-O Na6 11. Nxe5 Re8 12. f4 h6 13. Bh4 Nh5 14. Bxh5 gxh5
15. Rad1 Be6 16. b3 Nc5 17. Rd6 Bxe5 18. fxe5 Nd7 19. Bf6 Nxf6 20. exf6 Bg4 21.
h3 Be6 22. Ne2 Rad8 23. Rxd8 Rxd8 24. Nf4 Rd2 25. Rf2 Rd1+ 26. Kh2 Ra1 27. Nxe6
fxe6 28. Kg3 Kf8 29. Kh4 Re1 30. Kxh5 Rxe4 31. Kxh6 Re5 32. g4 c5 33. g5 {
EroeInrico resigns} 1-0

[Event "ICS rated bullet match"]
[Site "204.178.125.65"]
[Date "2001.07.22"]
[Round "?"]
[White "EroeInrico"]
[Black "Hossa"]
[Result "0-1"]
[WhiteElo "2076"]
[BlackElo "2606"]
[PlyCount "52"]
[EventDate "2001.??.??"]

1. d4 d5 2. Nf3 Nc6 3. Bf4 Nf6 4. e3 Nh5 5. Bg5 h6 6. Bh4 g5 7. Bg3 Nxg3 8.
hxg3 Bg7 9. c3 a6 10. Bd3 Bg4 11. Nbd2 e5 12. Be2 f5 13. Nxe5 Bxe5 14. Bxg4
fxg4 15. dxe5 Nxe5 16. Qc2 Qf6 17. O-O-O Qxf2 18. Rhf1 Qxg2 19. e4 Qxg3 20.
exd5 O-O-O 21. c4 Qd3 22. Qa4 h5 23. Rfe1 Qd4 24. b3 Qc3+ 25. Kb1 Nd3 26. Re2
Qb2# {EroeInrico checkmated} 0-1

[Event "ICS rated bullet match"]
[Site "204.178.125.65"]
[Date "2001.07.22"]
[Round "?"]
[White "Hossa"]
[Black "EroeInrico"]
[Result "1-0"]
[WhiteElo "2607"]
[BlackElo "2075"]
[PlyCount "77"]
[EventDate "2001.??.??"]

1. e4 Nf6 2. e5 Nd5 3. d4 d6 4. c4 Nb6 5. exd6 cxd6 6. Bd3 g6 7. Nf3 Bg7 8. O-O
O-O 9. Re1 Nc6 10. d5 Ne5 11. Nxe5 Bxe5 12. Bg5 f6 13. Bc1 e6 14. Nc3 exd5 15.
cxd5 f5 16. Be3 Bd7 17. Qf3 Rc8 18. Bf4 Qf6 19. Bxe5 dxe5 20. Bf1 Nc4 21. Bxc4
Rxc4 22. Qe3 e4 23. Qxa7 g5 24. Qxb7 Be8 25. Re3 Bg6 26. Rh3 f4 27. Nd1 g4 28.
Rc3 f3 29. Rxc4 Qh4 30. Rc8 Bf7 31. Qb8 Rxc8 32. Qxc8+ Kg7 33. Ne3 fxg2 34.
Nf5+ Kg6 35. Nxh4+ Kh5 36. Qf5+ Kh6 37. Qf6+ Kh5 38. Nf5 Bg6 39. Qh4# {
EroeInrico checkmated} 1-0

[Event "ICS rated bullet match"]
[Site "204.178.125.65"]
[Date "2001.07.22"]
[Round "?"]
[White "EroeInrico"]
[Black "Hossa"]
[Result "0-1"]
[WhiteElo "2074"]
[BlackElo "2608"]
[PlyCount "116"]
[EventDate "2001.??.??"]

1. e3 Nf6 2. d4 g6 3. Bd3 Bg7 4. c3 d5 5. Nd2 O-O 6. Ngf3 Re8 7. O-O Nc6 8. Re1
e5 9. dxe5 Nxe5 10. Nxe5 Rxe5 11. Nf3 Rh5 12. Be2 Bg4 13. Nd4 Bxe2 14. Nxe2 Ne4
15. Ng3 Nxg3 16. hxg3 f5 17. Qc2 Qd6 18. b3 c6 19. Bb2 Re8 20. Rad1 Re4 21. c4
Bxb2 22. Qxb2 Re5 23. Rd4 g5 24. Red1 Qh6 25. Kf1 Qf6 26. cxd5 Rh1+ 27. Ke2
Rxd1 28. Kxd1 Rxd5 29. Qd2 Rxd4 30. Qxd4 Qxd4+ 31. exd4 Kf7 32. Kd2 Ke6 33. Kd3
Kd5 34. b4 b6 35. a4 h6 36. f3 a6 37. Kc3 Kd6 38. Kc4 b5+ 39. axb5 axb5+ 40.
Kc3 Kd5 41. Kd3 g4 42. f4 h5 43. Ke3 Kc4 44. Ke2 Kxd4 45. Kf2 Kc4 46. Ke2 Kxb4
47. Kd3 c5 48. Kc2 c4 49. Kb2 c3+ 50. Kc2 Kc4 51. Kc1 b4 52. Kc2 b3+ 53. Kc1
b2+ 54. Kb1 Kd3 55. Ka2 Kc2 56. Ka3 b1=Q 57. Ka4 Qb6 58. Ka3 Qb3# {
EroeInrico checkmated} 0-1

[Event "ICS rated bullet match"]
[Site "204.178.125.65"]
[Date "2001.07.22"]
[Round "?"]
[White "Hossa"]
[Black "EroeInrico"]
[Result "1-0"]
[WhiteElo "2609"]
[BlackElo "2073"]
[PlyCount "79"]
[EventDate "2001.??.??"]

1. Nf3 d5 2. c4 c6 3. d4 dxc4 4. Ne5 Nf6 5. Nxc4 Bf5 6. f3 e6 7. e4 Bg6 8. Be3
Be7 9. Bd3 O-O 10. Ne5 Nbd7 11. Nxg6 hxg6 12. O-O Nb6 13. Nc3 Qd7 14. a4 Rad8
15. a5 Nc8 16. Bc4 Ne8 17. a6 b6 18. Qd2 Ned6 19. Bb3 Rfe8 20. Bf2 Bf8 21. Qg5
Qe7 22. Qg4 Qd7 23. Rac1 Ne7 24. Qh4 Nec8 25. f4 Be7 26. Qg4 Bf8 27. Rfe1 Ne7
28. Qh4 Ndc8 29. Re3 Nd6 30. Rh3 f6 31. Qh7+ Kf7 32. e5 f5 33. exd6 Qxd6 34.
Re1 Ng8 35. Qh4 Nf6 36. Rhe3 Re7 37. Bxe6+ Ke8 38. Qg5 Nh7 39. Qxg6+ Rf7 40.
Qxf7# {EroeInrico checkmated} 1-0

[Event "ICS rated bullet match"]
[Site "204.178.125.65"]
[Date "2001.07.22"]
[Round "?"]
[White "EroeInrico"]
[Black "Hossa"]
[Result "0-1"]
[WhiteElo "2072"]
[BlackElo "2610"]
[PlyCount "41"]
[EventDate "2001.??.??"]

1. e4 c6 2. Nc3 g6 3. d3 d5 4. Nf3 dxe4 5. dxe4 Qxd1+ 6. Nxd1 Bg7 7. Bc4 Nf6 8.
Bd2 Nxe4 9. O-O Nxd2 10. Nxd2 O-O 11. Re1 e6 12. c3 Rd8 13. Nf3 b5 14. Bb3 Nd7
15. Ne3 Bb7 16. Rad1 c5 17. Ng4 Bxf3 18. gxf3 h5 19. Ne3 Ne5 20. Kg2 Nd3 21.
Re2 {EroeInrico resigns} 0-1

[Event "ICS rated bullet match"]
[Site "204.178.125.65"]
[Date "2001.07.22"]
[Round "?"]
[White "Hossa"]
[Black "EroeInrico"]
[Result "1-0"]
[WhiteElo "2611"]
[BlackElo "2071"]
[PlyCount "37"]
[EventDate "2001.??.??"]

1. e4 e5 2. Nf3 Nf6 3. Nxe5 d6 4. Nf3 Nxe4 5. d4 d5 6. Bd3 Bd6 7. O-O O-O 8. c4
c6 9. cxd5 cxd5 10. Nc3 Nxc3 11. bxc3 Bg4 12. Rb1 b6 13. h3 Bh5 14. c4 Bxf3 15.
Qxf3 Bc7 16. cxd5 Nd7 17. Ba3 Re8 18. d6 Bb8 19. Qxa8 {EroeInrico resigns} 1-0

[Event "ICS rated bullet match"]
[Site "204.178.125.65"]
[Date "2001.07.22"]
[Round "?"]
[White "EroeInrico"]
[Black "Hossa"]
[Result "0-1"]
[WhiteElo "2070"]
[BlackElo "2612"]
[PlyCount "38"]
[EventDate "2001.??.??"]

1. d4 d5 2. Nf3 Nc6 3. Bf4 Nf6 4. h3 e6 5. e3 Bd6 6. Ne5 Nd7 7. Nxc6 bxc6 8.
Bxd6 cxd6 9. f4 Qh4+ 10. Kd2 Rb8 11. b3 e5 12. fxe5 dxe5 13. Nc3 exd4 14. exd4
Qxd4+ 15. Bd3 Qf4+ 16. Ke1 Qh4+ 17. Ke2 O-O 18. Kd2 Qg5+ 19. Ke2 Qxg2+ {
EroeInrico resigns} 0-1

[Event "ICS rated bullet match"]
[Site "204.178.125.65"]
[Date "2001.07.22"]
[Round "?"]
[White "Hossa"]
[Black "EroeInrico"]
[Result "1-0"]
[WhiteElo "2613"]
[BlackElo "2069"]
[PlyCount "43"]
[EventDate "2001.??.??"]

1. d4 Nf6 2. c4 e6 3. Nc3 d5 4. Bg5 Be7 5. cxd5 exd5 6. e3 c6 7. Bd3 O-O 8.
Nge2 Bg4 9. f3 Bh5 10. Nf4 Bg6 11. Nxg6 hxg6 12. Qb3 b6 13. O-O-O Nbd7 14. Qc2
b5 15. h4 a5 16. g4 a4 17. h5 gxh5 18. Bxf6 Bxf6 19. Bh7+ Kh8 20. Rxh5 g5 21.
Bg8+ Kg7 22. Qh7# {EroeInrico checkmated} 1-0

[Event "ICS rated bullet match"]
[Site "204.178.125.65"]
[Date "2001.07.22"]
[Round "?"]
[White "EroeInrico"]
[Black "Hossa"]
[Result "0-1"]
[WhiteElo "2068"]
[BlackElo "2614"]
[PlyCount "39"]
[EventDate "2001.??.??"]

1. d4 d5 2. Nf3 Nc6 3. Bf4 Nf6 4. h3 e6 5. e3 Bd6 6. Bxd6 Qxd6 7. c3 e5 8. dxe5
Nxe5 9. Nbd2 O-O 10. Nxe5 Qxe5 11. Nf3 Qe7 12. Bd3 Ne4 13. O-O c6 14. Qc2 Bf5
15. Rad1 Rad8 16. Nd2 Nxd2 17. Rxd2 Bxd3 18. Rxd3 Qe4 19. Rfd1 Rb8 20. Rd4 {
EroeInrico resigns} 0-1

[Event "ICS rated bullet match"]
[Site "204.178.125.65"]
[Date "2001.07.22"]
[Round "?"]
[White "Hossa"]
[Black "EroeInrico"]
[Result "1-0"]
[WhiteElo "2615"]
[BlackElo "2067"]
[PlyCount "69"]
[EventDate "2001.??.??"]

1. e4 e6 2. d4 d5 3. Nd2 Nf6 4. e5 Nfd7 5. Bd3 c5 6. c3 Nc6 7. Ne2 Qb6 8. Nf3
cxd4 9. cxd4 f6 10. exf6 Nxf6 11. O-O Bd6 12. Nc3 O-O 13. Nb5 Bb8 14. Bg5 a6
15. Qa4 Bd7 16. Nc3 Ne7 17. Qc2 Nf5 18. Bxf5 exf5 19. Bxf6 Qxf6 20. Nxd5 Qh6
21. Qb3 Be6 22. Ne7+ Kf7 23. d5 Bd7 24. d6+ Be6 25. Qxb7 Ra7 26. Ne5+ Kf6 27.
Qb4 Rd8 28. Qb6 Rad7 29. Nxd7+ Rxd7 30. Qxb8 Qg5 31. Qf8+ Ke5 32. f4+ Qxf4 33.
Qxg7+ Ke4 34. Rfe1+ Kd3 35. Qc3# {EroeInrico checkmated} 1-0